Foundations of Ergodic Theory

Sparad:
Bibliografiska uppgifter
Huvudupphovsmän: Viana, Marcelo (Författare, medförfattare), Oliveira, Krerley (Författare, medförfattare)
Materialtyp: Bok
Språk:engelska
Publicerad: Cambridge, United Kingdom Cambridge University Press 2016
Serie:Cambridge Studies in Advanced Mathematics,
Ämnen:
Länkar:Disponible Online
Taggar: Lägg till en tagg
Inga taggar, Lägg till första taggen!

MARC

LEADER 00000cam a2200000 a 4500
001 UCD4825
003 CL-VaPUC
005 20230619091232.0
008 160722e20160000uk |||||||||||||||||eng|d
999 |c 365654  |d 365652 
020 |a 9781107126961 
040 |c Pontificia Universidad Católica de Valparaíso 
082 0 4 |a 515.352 VIA 2016  |2 21 
100 0 |a Viana, Marcelo  |e author  |9 588547 
245 1 0 |a Foundations of Ergodic Theory 
260 |a Cambridge, United Kingdom   |b Cambridge University Press  |c 2016 
300 |a 530 páginas  
440 |a Cambridge Studies in Advanced Mathematics,   |n  151  |9 858019 
583 |a last modification  |c 20160722 23:21:00  |k Rodrigo Vera 
650 0 |a Sistemas dinámicos   |9 260496 
650 0 |a Ecuaciones diferenciales ordinarias  |9 270041 
650 0 |a Ergodicidad  |2 CL-VaPUC  |9 430126  |v Mecánica estadística 
700 0 |a Oliveira, Krerley  |e author  |9 588548 
856 |u http://bibliografiadigital.pucv.cl.pucv.idm.oclc.org/index.php/bibliotecapucv/catalog/book/558  |y Disponible Online  
942 |c BK  |2 ddc 
945 |d 20160722 23:21:00  |a dcastane 
952 |0 0  |1 0  |3 erd  |4 0  |6 515_352000000000000_VIA_2016  |7 0  |8 A  |9 479557  |a BIBMAT  |b BIBMAT  |i 5299063  |l 4  |m 2  |o 515.352 VIA 2016  |p 5299063  |q 2025-05-13  |r 2025-05-06  |s 2025-05-06  |w 2019-11-24  |y BK  |z Catalogado en:20160722  |k MAT 
952 |0 0  |1 0  |2 ddc  |4 0  |6 515_352000000000000_VIA_2016  |7 0  |8 A  |9 576817  |a BIBMAT  |b BIBMAT  |d 2020-11-05  |e 1  |g 182586.00  |i 5576741  |l 16  |m 4  |o 515.352 VIA 2016  |p 5576741  |q 2025-06-09  |r 2025-05-09  |s 2025-05-09  |t 1  |v 182586.00  |w 2020-11-05  |y BK  |k MAT